| 000 | 00617nam a2200229 a 4500 | ||
|---|---|---|---|
| 001 | 094894 | ||
| 003 | BD-ChCU | ||
| 005 | 20230204170324.0 | ||
| 008 | 977s2017 anuy b 001 eng | ||
| 020 | _a | ||
| 040 |
_aDLC _cDLC _dBD-ChCU |
||
| 082 | 0 | 0 | _a394.1/PIS |
| 100 | 1 |
_aPittman, David J _cSnyder, Charles R. |
|
| 245 | 1 | 0 |
_aSociety, culture and drinking patterns _c _cDonald R. Pitts. |
| 250 | _a | ||
| 260 |
_aN.Y. _cWiley _c1962 |
||
| 300 | _axvii,616p. | ||
| 504 | _aIncludes index and Bibliography and Glossary. | ||
| 650 | 0 |
_aManners and customs _cManners and customs |
|
| 700 | _a | ||
| 942 |
_2ddc _cBK |
||
| 999 |
_c94894 _d94894 |
||